000 00556nam a22001577a 4500
999 _c8089
_d8089
003 GBCCL
005 20241126110643.0
008 190218b ||||| |||| 00| 0 eng d
040 _cGBC
082 _aARC MAN
_b2001
100 _aLiankhomann
_914100
245 _aA Study on the Place and Functions of Women in the Evangelical Baptist Convention: With Special Reference to the Paite Tribe |
_cLiankhomann
300 _a79 p.;
_c21 cm. x 27 cm.
650 _aWomen
_vPlace and Functions of Women
_xEvangelical Baptist Convention
_xPaite
_914101
942 _2ddc
_cTH